Score 0/16 Timer 04:00
0 Plays Today
Scramble Horse % Correct
YILLFFilly
98.2%
BAREZZebra
76.1%
THGREODRUOBHThoroughbred
72.8%
OPITNPinto
68.7%
LDANHSET NYOPShetland Pony
61.4%
HOUTEREAQRRSQuarterhorse
60.7%
IAAANRBArabian
60.3%
AMGSTNUMustang
55.3%
Scramble Horse % Correct
POPAAOSALAppaloosa
53.7%
AONOIPLMPalomino
47.4%
LONTSLIAStallion
42.6%
CDELELADYSClydesdale
40.4%
NGRAOMMorgan
40.2%
ESNEETNSE WANGLIKTennessee Walking
39.7%
NBOOCRBronco
36%
PSWAEKLSIRZPrzewalski's
5.8%

You're not logged in!

Compare scores with friends on all Sporcle quizzes.
OR
Log In

Sporcle TV

Today on Sporcle TV


Watch our educational content, quiz creation guides, and fun videos on Sporcle TV.

Show Comments

Extras

Top Quizzes Today


Score Distribution

Your Account Isn't Verified!

In order to create a playlist on Sporcle, you need to verify the email address you used during registration. Go to your Sporcle Settings to finish the process.

Report this User

Report this user for behavior that violates our Community Guidelines.

Details: